| 000 | 00588nam a2200205Ia 4500 | ||
|---|---|---|---|
| 005 | 20250505145701.0 | ||
| 008 | 008 250505s9999 xx 000 0 eng d | ||
| 037 | _aTextbook | ||
| 040 |
_aFML _bhin _cFML |
||
| 041 |
_ahin _2hin |
||
| 084 |
_aNR44:g (4) R3:1 _qFML |
||
| 100 |
_aSingh, Ajeet _9404705 |
||
| 245 | 0 | _aHindustani Shastriya Saneet Avam Samajik Parivartan | |
| 260 |
_aGhaziabaad (U.P) _bNaitik Publications _c2023 |
||
| 300 | _a192p | ||
| 365 |
_aINR _b950 |
||
| 650 | _aMusic | ||
| 942 |
_cTB _hNR44:g (4) R3:1 |
||
| 999 |
_c1311406 _d1311406 |
||